Govt. of
Madhya Pradesh

Normal view MARC view

Entry Personal Name

Number of records used in: 0

001 - CONTROL NUMBER

  • control field: 50829

003 - CONTROL NUMBER IDENTIFIER

  • control field: OSt

005 - DATE AND TIME OF LATEST TRANSACTION

  • control field: 20160406162926.0

008 - FIXED-LENGTH DATA ELEMENTS

  • fixed length control field: 160406|| aca||aabn | a|a d

040 ## - CATALOGING SOURCE

  • Original cataloging agency: OSt
  • Transcribing agency: OSt

100 ## - HEADING--PERSONAL NAME

  • Personal name: सुधाकर रामकृष्‍ण

670 ## - SOURCE DATA FOUND

  • Source citation: Work cat.: (OSt)9907: सुधाकर रामकृष्‍ण , जीन्‍स (Genes) तथा जीवन , 2001